Ariadna del agua /
Gardado en:
| Autor Principal: | |
|---|---|
| Formato: | Libro |
| Idioma: | Spanish |
| Publicado: |
Puerto Rico:
Casa de los Poetas Editores,
2011.
|
| Series: | Colección del fauno
|
| Materias: | |
| Etiquetas: |
Engadir etiqueta
Sen Etiquetas, Sexa o primeiro en etiquetar este rexistro!
|
MARC
| LEADER | 00000cam a22000007i 4500 | ||
|---|---|---|---|
| 001 | 17255253 | ||
| 005 | 20180611134529.0 | ||
| 008 | 120405s2011 pr 000 0 spa | ||
| 020 | |a 9780983454526 | ||
| 040 | |a DLC |b eng |c DLC | ||
| 041 | 0 | |a spa | |
| 082 | 0 | 4 | |a PR861.44 |b R621a |
| 100 | 1 | |a Rivera, Etnairis. | |
| 245 | 1 | 0 | |a Ariadna del agua / |c Etnairis Rivera. |
| 260 | 1 | |a Puerto Rico: |b Casa de los Poetas Editores, |c 2011. | |
| 300 | |a 96 páginas ; |c 22 cm. | ||
| 490 | 0 | |a Colección del fauno | |
| 500 | |a Donación Adriano Corrales | ||
| 650 | 1 | 7 | |a LITERATURA PUERTORRIQUEÑA |v POESIA |
| 942 | |2 ddc |c BK | ||
| 999 | |c 22019 |d 22019 | ||



